| 000 | 00535nam a22001937a 4500 | ||
|---|---|---|---|
| 999 |
_c57480 _d57480 |
||
| 005 | 20221107152219.0 | ||
| 008 | 200625s2019 eng||||| |||| 00| 0 enk d | ||
| 020 | _a9781516521708x | ||
| 041 | _aeng | ||
| 080 | _a61+17+34 L-53 | ||
| 100 |
_aLemberg, David _98789 |
||
| 245 |
_aEthical and Legal Issues in Healthcare / _c David Lemberg. |
||
| 264 |
_bCognella, _c2019. |
||
| 300 |
_a362 p. _b30 cm. |
||
| 653 | _aეთიკა | ||
| 653 | _aსამართალი | ||
| 653 | _aჯანდაცვა | ||
| 942 |
_2udc _cBK |
||